Country Songs with Cities in the Title - Statistics

General Stats
  • This quiz has been taken 602 times
  • The average score is 7 of 15
Answer Stats
Song Artist City % Correct
________ By Morning George Strait Amarillo
89%
______ Prison Blues Johnny Cash Folsom
68%
I Can Still Make ________ George Strait Cheyenne
58%
Maybe It Was _______ Pam Tillis Memphis
58%
________ Sky Jason Aldean Amarillo
54%
Paint Me A __________ Tracy Lawrence Birmingham
54%
Walking In _______ Lonestar Memphis
54%
Okie From ________ Merle Haggard Muskogee
50%
Midnight In __________ Alan Jackson Montgomery
49%
Does ____ _____ Ever Cross Your Mind George Strait Fort Worth
39%
__________, Texas (Back To The Basics Of Love) Waylon Jennings Luckenbach
39%
_____, My Amy Keith Whitley Miami
31%
Amy's Back In ______ Little Texas Austin
27%
______ Chris Cagle Laredo
13%
She's From ______ Kenny Chesney Boston
10%
No matching quizzes found
Score Distribution
Percent of People with Each Score
Percentile by Number Answered
Your Score History
You have not taken this quiz